Bản đồ học Giáo trình Cao đẳng Sư phạm
Giới thiệu chung về khoa học bản đồ, cơ sở toán học của bản đồ địa lý, ngôn ngữ bản đồ và phương pháp biểu hiện bản đồ, phân loại bản đồ, thành lập và sử dụng bản đồ...
Enregistré dans:
| Auteur principal: | |
|---|---|
| Format: | Livre |
| Langue: | Vietnamese |
| Publié: |
H.
Đại học Sư phạm
2003
|
| Sujets: | |
| Tags: |
Ajouter un tag
Pas de tags, Soyez le premier à ajouter un tag!
|
| Thư viện lưu trữ: | Mạng thư viện Đại học Đà Nẵng |
|---|
| LEADER | 01420nam a2200373 4500 | ||
|---|---|---|---|
| 001 | 000008650 | ||
| 003 | 4842 | ||
| 005 | 20150812140802.0 | ||
| 008 | 111019s2003 viesd | ||
| 041 | 0 | |a vie | |
| 082 | |a 526 |b LA-D | ||
| 100 | 0 | |a Lâm Quang Dốc | |
| 245 | 0 | |a Bản đồ học |b Giáo trình Cao đẳng Sư phạm |c Lâm Quang Dốc | |
| 260 | |a H. |b Đại học Sư phạm |c 2003 | ||
| 300 | |a 261tr. |b hình vẽ, bảng |c 24 cm | ||
| 500 | |a Phụ lục: tr. 252-261 | ||
| 504 | |a Thư mục: tr. 251 | ||
| 520 | |a Giới thiệu chung về khoa học bản đồ, cơ sở toán học của bản đồ địa lý, ngôn ngữ bản đồ và phương pháp biểu hiện bản đồ, phân loại bản đồ, thành lập và sử dụng bản đồ... | ||
| 653 | |a Giáo trình | ||
| 653 | |a Bản đồ học | ||
| 653 | |a Bản đồ | ||
| 653 | |a Địa lí | ||
| 700 | |a Lâm Quang Dốc |e Tác giả | ||
| 910 | |a Thanh |d 19/10/2011 | ||
| OWN | |a LSP | ||
| AVA | |a UDN50 |b LSP |d 526 LA-D |e available |t Error 5001 Not defined in file expand_doc_bib_avail. |f 7 |g 0 |h N |i 0 |k 1 | ||
| 999 | |a From the UDN01 | ||
| AVA | |a UDN50 |b LSP |d 526 LA-D |e available |t Error 5001 Not defined in file expand_doc_bib_avail. |f 7 |g 0 |h N |i 0 |k 1 | ||
| TYP | |a Monograph | ||
| TYP | |a Printed language | ||
| 980 | |a Mạng thư viện Đại học Đà Nẵng | ||